| 000 | 01487nam a2200421 c 4500 | ||
|---|---|---|---|
| 001 | 19663 | ||
| 003 | ES-MaCES | ||
| 005 | 20150925133521.0 | ||
| 008 | 070119s2006 sp t o000 | spa d | ||
| 017 |
_aM 50874-2006 _bDL |
||
| 020 | _a8481882631 | ||
| 035 | _aCES20070000202m | ||
| 040 |
_aES-MaCES _bspa _cES-MaCES |
||
| 100 | 1 |
_aDelgado Gómez, José Manuel _910511 |
|
| 245 | 1 | 3 |
_aLa internacionalización de la empresa española _b: los recursos intangibles como factor determinante _cJosé Manuel Delgado Gómez |
| 250 | _a1ª ed | ||
| 260 |
_aMadrid _bConsejo Económico y Social _c2006 |
||
| 300 |
_a199 p. _c23 cm |
||
| 490 | 1 |
_aColección Estudios _v191 |
|
| 500 | _aAccésit de los Premios del CES para Tesis Doctorales, 2005 | ||
| 504 | _aBibliografía: p. 177-199 | ||
| 541 | _cGratuito | ||
| 650 | 4 |
_aempresa multinacional _927142 |
|
| 650 | 4 |
_areubicacion internacional de industrias _930635 |
|
| 650 | 4 |
_ainversiones extranjeras _928175 |
|
| 650 | 4 |
_aestrategia de gestión _930591 |
|
| 650 | 4 |
_aEspaña _926964 |
|
| 650 | 4 |
_apaís desarrollado _927091 |
|
| 650 | 4 |
_apaís en desarrollo _927092 |
|
| 653 | 1 | 0 | _aEmpresa |
| 650 | 4 |
_928178 _aempresa |
|
| 650 | 4 |
_930601 _aestrategia empresarial |
|
| 710 | 2 |
_aConsejo Económico y Social (España) _eed. _92408 |
|
| 830 | 0 |
_aColección Estudios (Consejo Económico y Social (España)) _v191 _932341 |
|
| 902 | _aLIB Libro | ||
| 942 |
_2CES _cBK _h0.0. |
||
| 999 |
_c19663 _d19663 |
||